| 000 | 005690000a22002290004500 | ||
|---|---|---|---|
| 003 | LK-CoMWRAF | ||
| 005 | 20230927113551.0 | ||
| 008 | 230817t ||||| |||| 00| 0 eng d | ||
| 020 | _a9960861724 | ||
| 040 |
_aLK-CoMWRAF _dLK-CoMWRAF _eLK-CoMWRAF |
||
| 041 | _aeng | ||
| 082 |
_a297.5 _bSHA |
||
| 100 | _aShahid, Muhammad Haneef | ||
| 245 | _aWhy women are accepting Islam | ||
| 260 |
_aSaudi Arabia : _bDarussalam, _c2002 |
||
| 300 | _a344p | ||
| 650 | _aHijab | ||
| 650 | _aMuslim Women | ||
| 650 | _aRamadhan | ||
| 700 |
_aAhad,, Abdul _eed. |
||
| 942 | _cBK | ||
| 999 |
_c1550 _d1550 |
||